Fastest Growing Countries Since 1900 - Statistics

General Stats
  • This quiz has been taken 41 times
  • The average score is 6 of 10
Answer Stats
Hint Answer Relative Growth from 1900-2021 % Correct
1. United Arab Emirates 19,039%
90%
2. Qatar 16,638%
88%
4. Kuwait 4,202%
85%
5. Singapore 2,700%
73%
8. Israel 2,377%
65%
6. Brunei 2,523%
48%
3. Jordan 4,282%
45%
9. Dominican Republic 2,032%
33%
7. Djibouti 2,512%
28%
10. Honduras 1,838%
10%
No matching quizzes found
Score Distribution
Percent of People with Each Score
Percentile by Number Answered
Your Score History
You have not taken this quiz